000 00285nam a2200109Ia 4500
008 220204s9999 xx 000 0 und d
082 _a331.45.4:336
_bBLA
100 _aBlackburn, Robin
245 0 _aAge shock: How finance is failing us
260 _aNew York
_bVerso
_c2006
942 _cBK
999 _c42871
_d42871